| 000 | 00636nam a2200241 a 4500 | ||
|---|---|---|---|
| 001 | 0001-1058 | ||
| 003 | ELIB.Books | ||
| 008 | 141205 2010 eng | ||
| 020 | _a0853643210 | ||
| 035 | _a(ELIB.Books)0001-1213 | ||
| 092 |
_a261.85 _bKir |
||
| 100 | _aKirk, J. Andrew. | ||
| 245 | _aTheology & The Third World Church | ||
| 260 |
_aExeter _bThe Paternoster Press _c1983 |
||
| 300 |
_a64 _c21 Cm |
||
| 500 | _aDr. Yahalaylayla | ||
| 650 | _aA Study in New Testament Theology | ||
| 856 |
_nKBTS; Library _uKBTS; Elib. |
||
| 942 |
_2ddc _cBK |
||
| 990 | _a1 | ||
| 998 |
_cbat _e2014-12-05 |
||
| 999 |
_c11058 _d11058 |
||